[Event "Landesliga Nord 1112"]
[Site "Bayern"]
[Date "2012.04.15"]
[Round "9.8"]
[White "Liebl, Korbinian"]
[Black "Gies, Hans Joerg"]
[Result "1/2-1/2"]
[WhiteElo "1881"]
[BlackElo "1814"]
[PlyCount "51"]
[EventDate "2011.10.02"]
[EventType "team-tourn"]
[EventRounds "9"]
[EventCountry "GER"]
[SourceTitle "EXT 2015"]
[Source "ChessBase"]
[SourceDate "2014.11.20"]
[SourceVersion "1"]
[SourceVersionDate "2014.11.20"]
[SourceQuality "1"]
[WhiteTeam "Bad Koetzting"]
[BlackTeam "Klingenberg/Main"]
[WhiteTeamCountry "GER"]
[BlackTeamCountry "GER"]

1. e4 c5 2. c3 g6 3. d4 cxd4 4. cxd4 Bg7 5. Nf3 e6 6. Nc3 Ne7 7. Be2 0-0 8. 0-0 d6 9. Be3 Nbc6 10. Qd2 f5 11. Bh6 fxe4 12. Nxe4 Bxh6 13. Qxh6 Nf5 14. Qd2 Qe7 15. Rfe1 Bd7 16. Nc3 Qf6 17. Ne4 Qe7 18. Rad1 Rae8 19. Nc3 Nd8 20. Bc4 Qg7 21. Bf1 Re7 22. Bc4 Kh8 23. Bb3 Rfe8 24. a3 b6 25. Qd3 g5 26. Re2 1/2-1/2

[Event "Landesliga Nord 1112"]
[Site "Bayern"]
[Date "2011.10.23"]
[Round "2.8"]
[White "Kuznetsova, Rymma"]
[Black "Gies, Hans Joerg"]
[Result "1/2-1/2"]
[WhiteElo "1900"]
[BlackElo "1814"]
[PlyCount "74"]
[EventDate "2011.10.02"]
[EventType "team-tourn"]
[EventRounds "9"]
[EventCountry "GER"]
[SourceTitle "EXT 2013"]
[Source "ChessBase"]
[SourceDate "2012.11.22"]
[SourceVersion "1"]
[SourceVersionDate "2012.11.22"]
[SourceQuality "1"]
[WhiteTeam "Bindlach II"]
[BlackTeam "Klingenberg/Main"]
[WhiteTeamCountry "GER"]
[BlackTeamCountry "GER"]

1. e4 c5 2. Nf3 Nc6 3. d4 cxd4 4. Nxd4 Nf6 5. Nc3 g6 6. Be3 d6 7. Be2 Bg7 8. 0-0 0-0 9. f4 Qb6 10. Na4 Qa5 11. Nxc6 bxc6 12. Nc3 Qb4 13. Qd3 Qxb2 14. Rab1 Qa3 15. Nd5 Qxd3 16. Nxe7+ Kh8 17. cxd3 Bd7 18. Rfc1 Bg4 19. Bf3 Bxf3 20. gxf3 c5 21. Rb7 Nh5 22. Nd5 a5 23. Rcb1 f5 24. Rd7 fxe4 25. fxe4 Rab8 26. Rbb7 h6 27. Ne7 Kh7 28. f5 g5 29. Nc6 Rxb7 30. Rxb7 Nf6 31. Ra7 Rc8 32. Nxa5 Ng4 33. Bd2 Kg8 34. Rb7 Ne5 35. Kg2 Nxd3 36. Nc4 Ra8 37. a3 Ra4 1/2-1/2

[Event "Regionalliga NW 1011"]
[Site "Bayern"]
[Date "2011.03.20"]
[Round "8.8"]
[White "Gies, Hans Joerg"]
[Black "Aliyev, Emil1"]
[Result "1-0"]
[WhiteElo "1803"]
[BlackElo "1520"]
[PlyCount "79"]
[EventDate "2010.10.10"]
[EventType "team-tourn"]
[EventRounds "9"]
[EventCountry "GER"]
[SourceTitle "EXT 2012"]
[Source "ChessBase"]
[SourceDate "2011.11.24"]
[SourceVersion "1"]
[SourceVersionDate "2011.11.24"]
[SourceQuality "1"]
[WhiteTeam "Klingenberg"]
[BlackTeam "Hof PTSV"]
[WhiteTeamCountry "GER"]
[BlackTeamCountry "GER"]

1. c4 c5 2. Nc3 Nf6 3. g3 d5 4. cxd5 Nxd5 5. Bg2 Nc7 6. Nf3 Nc6 7. d3 e5 8. 0-0 Be7 9. b3 Be6 10. Bb2 f6 11. Rc1 0-0 12. e3 Qd7 13. Qd2 Bh3 14. Rfd1 Bxg2 15. Kxg2 Rfd8 16. Qe2 Rac8 17. Rd2 Nd5 18. Rcd1 Nxc3 19. Bxc3 Qe8 20. Bb2 Kh8 21. h4 b6 22. h5 Qf7 23. Nh4 Qd5+ 24. Kh3 Qf7 25. g4 Rf8 26. Nf5 Rcd8 27. d4 e4 28. d5 Ne5 29. d6 Bxd6 30. Nxd6 Qc7 31. Bxe5 fxe5 32. Nf7+ Qxf7 33. Rxd8 h6 34. R1d7 Qg8 35. Qd1 Kh7 36. Qd6 Rf3+ 37. Kg2 Rxf2+ 38. Kxf2 c4 39. Qg6+ Kh8 40. Rxg8+ 1-0

[Event "Regionalliga NW 1011"]
[Site "Bayern"]
[Date "2010.10.24"]
[Round "2.8"]
[White "Pfadenhauer, Johannes"]
[Black "Gies, Hans Joerg"]
[Result "1-0"]
[WhiteElo "1950"]
[BlackElo "1803"]
[PlyCount "55"]
[EventDate "2010.10.10"]
[EventType "team-tourn"]
[EventRounds "9"]
[EventCountry "GER"]
[SourceTitle "EXT 2012"]
[Source "ChessBase"]
[SourceDate "2011.11.24"]
[SourceVersion "1"]
[SourceVersionDate "2011.11.24"]
[SourceQuality "1"]
[WhiteTeam "Kronach"]
[BlackTeam "Klingenberg"]
[WhiteTeamCountry "GER"]
[BlackTeamCountry "GER"]

1. d4 c5 2. d5 Nf6 3. Nc3 d6 4. Nf3 g6 5. e4 Bg7 6. Be2 e6 7. 0-0 exd5 8. exd5 0-0 9. Re1 Re8 10. Bg5 a6 11. a4 b6 12. Qd2 Bb7 13. h4 Nbd7 14. h5 Qc7 15. Nh4 c4 16. hxg6 hxg6 17. Bf3 Nc5 18. Qf4 Nh7 19. Bh6 Nd7 20. Bxg7 Kxg7 21. g4 Re5 22. Rxe5 Nxe5 23. Kg2 Qe7 24. Rh1 Rh8 25. Ne2 Ng5 26. Nd4 Ngxf3 27. Nhf5+ gxf5 28. Nxf5+ 1-0

[Event "Regionalliga NW 0304"]
[Site "Bayern"]
[Date "2003.11.23"]
[Round "3.8"]
[White "Gies, Hans Joerg"]
[Black "Schilling, Frank"]
[Result "1/2-1/2"]
[WhiteElo "1777"]
[BlackElo "1912"]
[PlyCount "71"]
[EventDate "2003.10.12"]
[EventType "team-tourn"]
[EventRounds "9"]
[EventCountry "GER"]
[SourceTitle "EXT 2006"]
[Source "ChessBase"]
[SourceDate "2005.11.24"]
[SourceVersion "1"]
[SourceVersionDate "2005.11.24"]
[SourceQuality "1"]
[WhiteTeam "Klingenberg"]
[BlackTeam "Burgsinn"]
[WhiteTeamCountry "GER"]
[BlackTeamCountry "GER"]

1. c4 Nf6 2. g3 g6 3. Bg2 Bg7 4. Nc3 e5 5. d3 0-0 6. e3 d6 7. Nge2 a5 8. Rb1 Nbd7 9. a3 Rb8 10. b4 axb4 11. axb4 Re8 12. 0-0 Nf8 13. Qc2 Be6 14. f4 Qd7 15. Bd2 Nh5 16. b5 f5 17. Nd5 Nf6 18. Nec3 c6 19. bxc6 bxc6 20. Nxf6+ Bxf6 21. Rb2 Rxb2 22. Qxb2 e4 23. Qb6 d5 24. cxd5 cxd5 25. d4 Rc8 26. Rb1 Bd8 27. Qb5 Qa7 28. Bf1 Nd7 29. Qa6 Qxa6 30. Bxa6 Rc7 31. Kf2 Nf6 32. h3 Kf8 33. Rb8 Ke7 34. Na4 Rc2 35. Ke1 Bc7 36. Bb4+ 1/2-1/2

[Event "Regionalliga NW 0203"]
[Site "Bayern"]
[Date "2003.03.30"]
[Round "9.6"]
[White "Mueller, Helmut2"]
[Black "Gies, Hans Joerg"]
[Result "1/2-1/2"]
[WhiteElo "1759"]
[BlackElo "1821"]
[PlyCount "56"]
[EventDate "2002.10.20"]
[EventType "team-tourn"]
[EventRounds "9"]
[EventCountry "GER"]
[SourceTitle "EXT 2004"]
[Source "ChessBase"]
[SourceDate "2003.11.25"]
[SourceVersion "1"]
[SourceVersionDate "2003.11.25"]
[SourceQuality "1"]
[WhiteTeam "Coburg"]
[BlackTeam "Klingenberg"]
[WhiteTeamCountry "GER"]
[BlackTeamCountry "GER"]

1. Nf3 c5 2. c4 g6 3. g3 Bg7 4. Bg2 Nf6 5. Nc3 Nc6 6. 0-0 0-0 7. e3 d6 8. d4 e6 9. b3 a6 10. Bb2 Qc7 11. Qe2 b6 12. Rad1 Bb7 13. dxc5 dxc5 14. Rd2 Rad8 15. Rfd1 Rxd2 16. Rxd2 Rd8 17. Rxd8+ Qxd8 18. Nd2 Kf8 19. Nce4 Nxe4 20. Bxg7+ Kxg7 21. Nxe4 f5 22. Nc3 Qd6 23. f4 Kf6 24. Qd1 Qxd1+ 25. Nxd1 Nd8 26. Nc3 Bxg2 27. Kxg2 Nb7 28. Kf3 h6 1/2-1/2

[Event "Regionalliga NW 0102"]
[Site "Bayern"]
[Date "2002.02.24"]
[Round "6.6"]
[White "Lichtinger, Bernd"]
[Black "Gies, Hans Joerg"]
[Result "1-0"]
[WhiteElo "2025"]
[BlackElo "1860"]
[PlyCount "66"]
[EventDate "2001.10.07"]
[EventType "team-tourn"]
[EventRounds "9"]
[EventCountry "GER"]
[SourceTitle "EXT 2003"]
[Source "ChessBase"]
[SourceDate "2002.11.25"]
[SourceVersion "1"]
[SourceVersionDate "2002.11.25"]
[SourceQuality "1"]
[WhiteTeam "Marktleuthen"]
[BlackTeam "Klingenberg"]
[WhiteTeamCountry "GER"]
[BlackTeamCountry "GER"]

1. e4 c5 2. Nf3 d6 3. d4 cxd4 4. Nxd4 g6 5. Bc4 Bg7 6. Nc3 Nc6 7. Be3 Nf6 8. f3 0-0 9. Qd2 Na5 10. Bb3 Nxb3 11. axb3 b6 12. 0-0-0 Bd7 13. g4 Qb8 14. h4 b5 15. h5 a5 16. Bh6 a4 17. Bxg7 Kxg7 18. hxg6 fxg6 19. Qh6+ Kg8 20. Nd5 Rf7 21. Nxf6+ exf6 22. Qd2 b4 23. Qd3 a3 24. bxa3 bxa3 25. Kb1 Qb6 26. Ka2 Ra5 27. c4 Qc5 28. Rh2 Qe5 29. Rhd2 f5 30. gxf5 gxf5 31. exf5 Bxf5 32. Nxf5 Qxf5 33. Qxd6 h5 1-0

[Event "Regionalliga NW 0001"]
[Site "Bayern"]
[Date "2001.02.18"]
[Round "6"]
[White "Lechleitner, Walter"]
[Black "Gies, Hans Joerg"]
[Result "1/2-1/2"]
[WhiteElo "2020"]
[BlackElo "1785"]
[PlyCount "77"]
[EventDate "2000.10.15"]
[EventType "team-tourn"]
[EventRounds "9"]
[EventCountry "GER"]
[SourceTitle "EXT 2020"]
[Source "ChessBase"]
[SourceDate "2019.10.17"]
[SourceVersion "1"]
[SourceVersionDate "2019.10.17"]
[SourceQuality "1"]
[WhiteTeam "Kronach"]
[BlackTeam "Klingenberg"]
[WhiteTeamCountry "GER"]
[BlackTeamCountry "GER"]

1. d4 c5 2. d5 Nf6 3. c4 e6 4. Nc3 exd5 5. cxd5 d6 6. e4 g6 7. Be2 Bg7 8. f4 0-0 9. Nf3 Re8 10. e5 Nfd7 11. 0-0 dxe5 12. fxe5 Nxe5 13. Bf4 Bf5 14. Qd2 Nbd7 15. Rae1 Nxf3+ 16. Bxf3 Ne5 17. Be2 a6 18. a4 Qd7 19. Kh1 Rac8 20. Nd1 Qxa4 21. Ne3 Bd7 22. Bxe5 Bxe5 23. Nc4 Qb3 24. Bd3 Bg7 25. Rd1 Rf8 26. Nd6 Rcd8 27. Qg5 Ba4 28. Nxf7 Qxd5 29. Nxd8 Qxg5 30. Bc4+ Kh8 31. Rxf8+ Bxf8 32. Nf7+ Kg7 33. Nxg5 Bxd1 34. Ne6+ Kf7 35. Nxc5+ Ke7 36. Nxb7 Bg7 37. b4 Bc3 38. Na5 Kf6 39. Bxa6 1/2-1/2

[Event "Regionalliga NW 9798"]
[Site "Bayern"]
[Date "1998.??.??"]
[Round "?.8"]
[White "Gies, Hans Joerg"]
[Black "Lechleitner, Walter"]
[Result "1/2-1/2"]
[WhiteElo "1725"]
[BlackElo "2075"]
[PlyCount "33"]
[EventDate "1997.10.??"]
[EventType "team-tourn"]
[EventRounds "9"]
[EventCountry "GER"]
[SourceTitle "EXT 2020"]
[Source "ChessBase"]
[SourceDate "2019.10.17"]
[SourceVersion "1"]
[SourceVersionDate "2019.10.17"]
[SourceQuality "1"]
[WhiteTeam "Klingenberg"]
[BlackTeam "Kronach"]
[WhiteTeamCountry "GER"]
[BlackTeamCountry "GER"]

1. c4 Nf6 2. Nc3 e6 3. g3 c5 4. Bg2 Be7 5. Nf3 Nc6 6. 0-0 b6 7. d4 cxd4 8. Nxd4 Bb7 9. Ndb5 Qb8 10. Bf4 e5 11. Bg5 a6 12. Bxf6 gxf6 13. Na3 Nb4 14. Nd5 Nxd5 15. Bxd5 h5 16. Nc2 h4 17. e4 1/2-1/2

[Event "Regionalliga NW 9798"]
[Site "Bayern"]
[Date "1997.??.??"]
[Round "?.8"]
[White "Gundermann, Achim"]
[Black "Gies, Hans Joerg"]
[Result "1/2-1/2"]
[WhiteElo "1685"]
[BlackElo "1725"]
[PlyCount "82"]
[EventDate "1997.10.??"]
[EventType "team-tourn"]
[EventRounds "9"]
[EventCountry "GER"]
[SourceTitle "EXT 2020"]
[Source "ChessBase"]
[SourceDate "2019.10.17"]
[SourceVersion "1"]
[SourceVersionDate "2019.10.17"]
[SourceQuality "1"]
[WhiteTeam "Sand"]
[BlackTeam "Klingenberg"]
[WhiteTeamCountry "GER"]
[BlackTeamCountry "GER"]

1. e4 c5 2. Nc3 g6 3. g3 Bg7 4. Bg2 Nc6 5. f4 e6 6. Nf3 d6 7. d3 Nge7 8. 0-0 0-0 9. Ne2 a6 10. a4 Bd7 11. c3 b5 12. axb5 axb5 13. Be3 Qc7 14. Qd2 Rfb8 15. d4 Na5 16. Qc2 c4 17. Nd2 d5 18. b4 cxb3 19. Nxb3 Nxb3 20. Qxb3 Qc4 21. Qxc4 bxc4 22. Rfb1 Bc6 23. Rxb8+ Rxb8 24. Ra7 Bf8 25. e5 Nc8 26. Ra6 Bb5 27. Ra5 Be7 28. g4 Bd8 29. Ra2 Ne7 30. Ng3 Bc6 31. h4 Kg7 32. h5 f5 33. exf6+ Kxf6 34. hxg6 hxg6 35. Bh3 Rb7 36. Kg2 Bc7 37. Kf3 Bd7 38. Kg2 Bc6 39. Kf3 Bd7 40. Kg2 Kf7 41. Kf3 Bd6 1/2-1/2

[Event "Unterfranken-ch HA 44th"]
[Site "Rieneck"]
[Date "1993.??.??"]
[Round "5"]
[White "Ley, Peter"]
[Black "Gies, Hans Joerg"]
[Result "1/2-1/2"]
[WhiteElo "1638"]
[BlackElo "1534"]
[PlyCount "74"]
[EventDate "1993.04.12"]
[EventType "swiss"]
[EventRounds "9"]
[EventCountry "GER"]
[SourceTitle "EXT 2015"]
[Source "ChessBase"]
[SourceDate "2014.11.20"]
[SourceVersion "1"]
[SourceVersionDate "2014.11.20"]
[SourceQuality "1"]

1. d4 Nf6 2. c4 e5 3. dxe5 Ng4 4. Bf4 Nc6 5. Nf3 Bc5 6. e3 f6 7. h3 Ngxe5 8. a3 a5 9. Nxe5 fxe5 10. Bxe5 Qe7 11. Bg3 0-0 12. Nc3 d6 13. Nd5 Qf7 14. Be2 Be6 15. 0-0 Kh8 16. Rc1 Rab8 17. Nf4 Bf5 18. Nd5 Be6 19. Nf4 Bf5 20. Bf3 Ne7 21. Nd5 Nc6 22. Qd2 Bxh3 23. b4 axb4 24. axb4 Ba7 25. Kh2 Be6 26. Rh1 Bxd5 27. Bxd5 Qe7 28. Kg1 Ne5 29. Qc2 g6 30. Be4 Kg7 31. Qc3 Rbe8 32. Re1 c6 33. f4 Kg8 34. fxe5 Qg5 35. Bf4 Qxf4 36. Bc2 Rxe5 37. Rh3 Qg5 1/2-1/2